00525nam a2200169Ia 450000500170000000800410001702000150005808200130007310000160008624500540010226000330015630000130018950000350020294200060023795200970024399900150034020250411013754.0240331s9999 xx 000 0 und d a955200943X bHORa323 aHoreshes, A 0aGini avi saha gini keli :bpathala lokeyen bindak aColombobGodage & Sonsc1993 a120 p ., aPadala Lokiyay Samantha Pothak cL 001040708LaWERCLbWERCLcSSCd2024-03-31l0o 323.4 HORp3835r2024-03-31w2024-03-31yL c2486d2486